02642nam a2200325 a 4500001001500000003000400015005001700019008004100036020002400077020001900101020001900120040000600139050001000145082001100155100002700166245004100193260002900234300002100263520163200284650002701916650002801943650002601971650002601997650002002023650003102043856008202074942001202156999001902168952012902187ASIN0141033053OSt20180116192419.0131127s2009 xxu eng d a0141033053 c$22.00 a9780141033051  a978-0316178310 c 04aBF44104a153.421 aDe Bono, Edward.9714310aSix thinking hats /cEdward de Bono. a[S.l.] :bViking,c2009. a192 p. ;c19 cm. aThe multi million-copy bestseller "Six Thinking Hats" by Edward de Bono, author of "Lateral Thinking" and "I Am Right You Are Wrong", teaches you how to run better meetings and make better decisions. Meetings are a crucial part of all our lives, but too often they go nowhere and waste valuable time. In "Six Thinking Hats", Edward de Bono shows how meetings can be transformed to produce quick, decisive results every time. The Six Hats method is a devastatingly simple technique based on the brain's different modes of thinking. The intelligence, experience and information of everyone is harnessed to reach the right conclusions quickly. These principles fundamentally change the way you work and interact. They have been adopted by businesses and governments around the world to end conflict and confusion in favour of harmony and productivity. "An inspiring man with brilliant ideas. De Bono never ceases to amaze with his clarity of thought". (Richard Branson). Edward de Bono invented the concept of lateral thinking. A world-renowned writer and philosopher, he is the leading authority in the field of creative thinking and the direct teaching of thinking as a skill. Dr de Bono has written more than 60 books, in 40 languages, with people now teaching his methods worldwide. He has chaired a special summit of Nobel Prize laureates, and been hailed as one of the 250 people who have contributed most to mankind. Dr de Bono's titles include classic bestsellers such as "Six Thinking Hats", "Lateral Thinking", "I Am Right You Are Wrong", "Teach Yourself How To Think", "Teach Your Child How To Think", and "Simplicity". 0aCreative ability97144 0aCreative thinking97145 0aDecision making97146 0aProblem solving97147 0aReasoning97148 0aThought and thinking97149403Amazon.comuhttp://www.amazon.com/exec/obidos/ASIN/0141033053/chopaconline-20 2ddccBK c353848d353848 00102ddc4070aSADAbSADAd2013-11-27l6m1o153.42 DEB 1999pSADA0002168r2025-12-29s2025-09-12v1585.11w2013-11-27yBK